000
00336 a2200157 4500
001
72393
020
_a
040
_c
Anchieta - Colégio São Paulo
100
_a
Azevedo, Ricardo
240
1
0
_a
Chega de saudade
_l
por
245
1
0
_a
Chega de saudade
300
_a
61
362
0
_a
1990
650
4
_a
Literatura juvenil
942
_c
BK
999
_c
72393
_d
72393